Statistics for 100 Biggest Cities in the United States

Click here to take the quiz!

General Stats

  • This quiz has been taken 1,169 times
  • The average score is 69 of 100

Answer Stats

PositionStateCityPopulation% Correct
2CALos Angeles3,898,747
99%
1NYNew York8,804,190
99%
3ILChicago2,746,388
98%
9TXDallas1,304,379
98%
4TXHouston2,304,580
98%
6PAPhiladelphia1,603,797
97%
5AZPhoenix1,608,139
97%
44FLMiami442,241
96%
17CASan Francisco873,965
96%
11TXAustin961,855
95%
24MABoston675,647
95%
26NVLas Vegas641,903
95%
8CASan Diego1,386,932
95%
18WASeattle737,015
95%
20DCWashington689,545
95%
19CODenver715,522
94%
15INIndianapolis887,642
93%
22OKOklahoma City681,054
93%
38GAAtlanta498,715
92%
27MIDetroit639,111
92%
21TNNashville689,447
91%
25ORPortland652,503
91%
7TXSan Antonio1,434,625
91%
12FLJacksonville949,611
90%
36MOKansas City508,090
88%
28TNMemphis633,104
88%
46MNMinneapolis429,954
88%
30MDBaltimore585,708
87%
16NCCharlotte874,579
87%
35CASacramento524,943
87%
54OHCleveland372,624
86%
14OHColumbus905,748
86%
53LANew Orleans383,997
86%
67FLOrlando307,573
86%
10CASan Jose1,013,240
86%
52FLTampa384,959
86%
31WIMilwaukee577,222
84%
32NMAlbuquerque564,559
83%
69MOSt. Louis301,578
83%
65OHCincinnati309,317
82%
23TXEl Paso678,815
81%
13TXFort Worth918,915
81%
41NCRaleigh467,665
81%
68PAPittsburgh302,971
80%
55HIHonolulu350,964
79%
29
KY
Louisville633,045
78%
33AZTucson542,629
77%
76NYBuffalo278,349
76%
100VARichmond226,610
74%
39NEOmaha486,051
73%
63MNSaint Paul311,527
73%
47OKTulsa413,066
73%
82NVReno264,165
70%
43VAVirginia Beach459,470
70%
99LABaton Rouge227,470
69%
95IDBoise235,684
69%
40COColorado Springs478,961
69%
45CAOakland440,646
68%
62NJNewark311,549
67%
34CAFresno542,107
65%
73NELincoln291,082
65%
80WIMadison269,840
65%
49KSWichita397,532
64%
72AKAnchorage291,247
60%
71NJJersey City292,449
58%
42CALong Beach466,742
58%
37AZMesa504,258
58%
50TXArlington394,266
54%
48CABakersfield403,455
54%
57KYLexington322,570
54%
56CAAnaheim346,824
53%
59TXCorpus Christi317,863
53%
89NCWinston-Salem249,545
53%
79OHToledo270,871
51%
75NCDurham283,506
50%
61CARiverside314,998
50%
97WASpokane228,989
47%
70NCGreensboro299,035
46%
51COAurora386,261
45%
83INFort Wayne263,886
45%
94VANorfolk238,005
42%
84NVNorth Las Vegas262,527
41%
85FLSt. Petersburg258,308
41%
60NVHenderson317,610
40%
86TXLubbock257,141
40%
64CASanta Ana310,227
40%
58CAStockton320,804
40%
66CAIrvine307,670
38%
93AZScottsdale241,361
38%
91AZGlendale248,325
33%
74TXPlano285,494
32%
88TXLaredo255,205
31%
78CAChula Vista275,487
29%
77AZChandler275,987
28%
87TXIrving256,684
27%
90VAChesapeake249,422
26%
96CAFremont230,504
23%
81AZGilbert267,918
22%
98CASanta Clarita228,673
20%
92TXGarland246,018
19%

Score Distribution

Percentile by Number Answered

Percent of People with Each Score

Your Score History

You have not taken this quiz